| 000 | 01404 a2200181 4500 | ||
|---|---|---|---|
| 003 | Nust | ||
| 005 | 20230221090801.0 | ||
| 040 | _cNust | ||
| 082 | _a297.61, ANA | ||
| 100 |
_aAnas, Imam Malik _9109271 |
||
| 245 |
_aMuwatta Imam Malik _cImam Malik B Anas |
||
| 260 |
_aPakistan _bDarul Ishaat |
||
| 300 | _a552:p | ||
| 490 | _v1 & 2 | ||
| 505 | _aThe Book of the Times of Prayers (Page-17), The Book of Purity (Page-30), The Book of the Prayer (Pge-74), The book of forgetfulness (Page-104), The Book of the Prayer in Ramadan (Pge-116), The Book of the Night Prayer (Page-119), The Book of the Congregation Prayer (Page-130), The Book of Shortening the Prayer in the Travel (Page-143), The Book of the Two IDS (Page-175), The Book of the Fear Prayer (Page-180), The Book of the Eclipse prayer (Page-182), The Book for asking for the Rain (Page-186), The Book of Qibla (Page-189), The Book of the QURAN (Page-195), The Book of Burials (Page-215), The Book of Zakat (Page-235), The Book of Charity (Page-251), The Book of Fasting (Page-281), The Book of Seclusion (Page-310), The Book of HAJJ (Pilgrimage) (Page-320), The Book of the Holy Struggle (Page-440), The Book of Vows and Qaths (Page-469), The Book of Sacrifice (Page-481), The Book of Slaughtering Animals (Page-487), The Book of Game (Page-491). The Book of Wedlock (Page-524). | ||
| 650 |
_aMuwatta Imam Malik _9109272 |
||
| 942 |
_2ddc _cBK |
||
| 999 |
_c185541 _d185541 |
||